ARRUPE JESUIT UNIVERSITY

CORONAVIRUS -STOP THE SPREAD - CLEAN,DISINFECT,COVER

A history of modern Ethiopia, 1855-1974 / (Record no. 129059)

MARC details
000 -LEADER
fixed length control field 01535cam a2200373 a 4500
001 - CONTROL NUMBER
control field 1069984
003 - CONTROL NUMBER IDENTIFIER
control field ARRUPE
005 - DATE AND TIME OF LATEST TRANSACTION
control field 20190219111751.0
008 - FIXED-LENGTH DATA ELEMENTS--GENERAL INFORMATION
fixed length control field 910515s1991 enkab b 001 0 eng
010 ## - LIBRARY OF CONGRESS CONTROL NUMBER
LC control number 91018065
020 ## - INTERNATIONAL STANDARD BOOK NUMBER
International Standard Book Number 0821409719 (cl.)
020 ## - INTERNATIONAL STANDARD BOOK NUMBER
International Standard Book Number 0852550677
020 ## - INTERNATIONAL STANDARD BOOK NUMBER
International Standard Book Number 0821409727 (pb.)
020 ## - INTERNATIONAL STANDARD BOOK NUMBER
International Standard Book Number 0852550669 (pbk.)
040 ## - CATALOGING SOURCE
Original cataloging agency DLC
Transcribing agency DLC
Modifying agency DLC
043 ## - GEOGRAPHIC AREA CODE
Geographic area code f-et---
050 00 - LIBRARY OF CONGRESS CALL NUMBER
Classification number DT386
Item number .B27 1991
082 00 - DEWEY DECIMAL CLASSIFICATION NUMBER
Classification number 963
Edition number 20
300 ## - PHYSICAL DESCRIPTION
Other physical details ill., maps ;
Dimensions 23 cm.
100 0# - MAIN ENTRY--PERSONAL NAME
Personal name Bahru Zewde.
9 (RLIN) 42031
245 12 - TITLE STATEMENT
Title A history of modern Ethiopia, 1855-1974 /
Statement of responsibility, etc Bahru Zewde.
260 ## - PUBLICATION, DISTRIBUTION, ETC. (IMPRINT)
Place of publication, distribution, etc London :
Name of publisher, distributor, etc J. Currey ;
Place of publication, distribution, etc Athens :
Name of publisher, distributor, etc Ohio University Press ;
Place of publication, distribution, etc Addis Ababa :
Name of publisher, distributor, etc Addis Ababa University Press,
Date of publication, distribution, etc 1991.
300 ## - PHYSICAL DESCRIPTION
Extent x, 244 p. :
490 1# - SERIES STATEMENT
Series statement Eastern African studies
504 ## - BIBLIOGRAPHY, ETC. NOTE
Bibliography, etc Includes bibliographical references and index.
651 #0 - SUBJECT ADDED ENTRY--GEOGRAPHIC NAME
Geographic name Ethiopia
General subdivision History
Chronological subdivision 19th century.
9 (RLIN) 44762
651 #0 - SUBJECT ADDED ENTRY--GEOGRAPHIC NAME
Geographic name Ethiopia
General subdivision History
Chronological subdivision 1889-1974.
9 (RLIN) 42737
710 2# - ADDED ENTRY--CORPORATE NAME
Corporate name or jurisdiction name as entry element Thomas Leiper Kane Collection (Library of Congress. Hebraic Section)
Institution to which field applies DLC
9 (RLIN) 24290
830 #0 - SERIES ADDED ENTRY--UNIFORM TITLE
Uniform title Eastern African studies (London, England)
9 (RLIN) 44763
906 ## - LOCAL DATA ELEMENT F, LDF (RLIN)
a 7
b cbc
c orignew
d 1
e ocip
f 19
g y-gencatlg
942 ## - ADDED ENTRY ELEMENTS (KOHA)
Source of classification or shelving scheme Library of Congress Classification
Koha item type Monograph ( Printed materials)
Holdings
Withdrawn status Lost status Source of classification or shelving scheme Damaged status Not for loan Collection code Home library Current library Shelving location Date acquired Total Checkouts Full call number Barcode Date last seen Price effective from Koha item type
    Library of Congress Classification     Main Collection ARRUPE LIBRARY ARRUPE LIBRARY Main Collection 19/02/2019   DT386 .B27 1991 46600003876 19/02/2019 19/02/2019 Monograph ( Printed materials)

 

Arrupe Library. PO Box MP320 Mt Pleasant, Harare, Zimbabwe
263 242 745411|librarian@aju.ac.zw